| 000 | 03480cam a22004694i 4500 | ||
|---|---|---|---|
| 003 | PE-LiUPU | ||
| 005 | 20250731165420.0 | ||
| 008 | 151218s2013 pe a grm 000 0 spa d | ||
| 035 | _a(Sirsi) a155571 | ||
| 040 |
_aPE-LiUPU _bspa _cPE-LiUPU _erda |
||
| 082 | 0 | 4 |
_a658.8343286732 _bM71 T3 |
| 099 |
_aTA 3 _bM71 2013 |
||
| 100 | 1 |
_aMogollón Infante, Noé Antonio _eautor |
|
| 245 | 1 |
_aRelación de liderazgo de los directores con la satisfacción laboral de los docentes de la Asociación Educativa Adventista Peruana del Sur / _cNoé Antonio Mogollón Infante. |
|
| 264 | 0 | _c2013. | |
| 300 |
_a103 hojas : _bilustraciones; _c30 cm |
||
| 336 |
_atext _2rdacontent |
||
| 337 |
_aunmediated _2rdamedia |
||
| 338 |
_avolume _2rdacarrier |
||
| 502 |
_aTesis _b(Mg.) -- _cUniversidad Peruana Unión, _d2013. |
||
| 504 | _aIncluye referencias | ||
| 520 | 3 | _aLa presente investigación tiene como objetivo establecer el grado de relación de liderazgo de los directores con la satisfacción laboral de los docentes de la AEAPS (Asociación Educativa Adventista Peruana del Sur). El tipo de investigación es de carácter descriptivo y correlacional, porque su propósito será determinar el grado de relación del liderazgo del director en la satisfacción laboral de los docentes de la AEAPS. -El diseño es correlacional de corte transversal. La población de estudio fue de 116 docentes de los colegios de la Asociación Educativa Adventista Peruana del Sur. La muestra fue censal; es decir, se trabajó con toda la población. De acuerdo a los resultados se concluyó que: El liderazgo transaccional tiene una relación positiva de 0.313 y significativa de 0.001 con la satisfacción de los docentes de los colegios de la AESPS, de aquí se deduce que el reconocimiento de las necesidades en los docentes y la capacidad de comprender los deseos es muy importante ya que repercute en los niveles de satisfacción laboral. El liderazgo transformacional tiene una relación positiva de 0.203 y significativa de 0.029 con la satisfacción laboral de los docentes de los colegios de la AEAPS; de aquí se deduce que el nivel de satisfacción laboral incrementa si los líderes emprendan los cambios de la visión, la estrategia y la cultura de la organización y también de propiciar innovaciones en los productos y las tecnologías. El liderazgo pasivo tiene una relación positiva de 0.264 y un nivel de significancia de 0.004 con la satisfacción de los docentes de los colegios de la AEAPS. De aquí se deduce que a mayor nivel de efectividad, a mayor esfuerzo extra y mejor recompensa por parte del líder, el nivel de satisfacción laboral de los docentes incrementa de manera positiva. Finalmente, se concluye que el liderazgo de los directores tiene una relación positiva con la satisfacción laboral de los docentes de los colegios de la AEAPS. | |
| 526 | _aSEG44 | ||
| 526 | _aSEG26 | ||
| 526 | _aP151 | ||
| 526 | _aP150 | ||
| 526 | _aP149 | ||
| 526 | _aP146 | ||
| 526 | _aP145 | ||
| 526 | _aP126 | ||
| 526 | _aP125 | ||
| 526 | _aP92 | ||
| 526 | _aP75 | ||
| 526 | _aP74 | ||
| 526 | _aP27 | ||
| 526 | _aP15 | ||
| 650 | 0 | 4 |
_aLiderazgo _xSatisfacción en el trabajo _vTesis. |
| 610 | 2 |
_aAdventistas del Séptimo Día _xLiderazgo _vTesis. |
|
| 596 | _a1 | ||
| 942 |
_2ddc _cTESIS |
||
| 999 |
_aTA 3 M71 2013 _wALPHANUM _c8247 _iT01352 _lCCODEBUL3 _mBUL _r1 _sY _tTESIS _u2015-12-18 _xPOSGRADO _PP47 _o.STAFF. Tesis _d8247 |
||
| 980 |
_81 _gALBERTO SANCHEZ Responsable de Automatización |
||